00326nam a22001217a 4500008004100000020001800041082001600059110005600075245003900131260001800170300000900188440000700197230602b xxu||||| |||| 00| 0 eng d a9780415617154 a307.12bISO bInternational Society of City and Regional Planners aSustainable City/ Developing World bISOCARPc2010 a266p n06